| 000 | 00849na a2200277 4500 | ||
|---|---|---|---|
| 001 | 23854 | ||
| 003 | MIRAKIL | ||
| 005 | 20181213155321.0 | ||
| 008 | 180105b tu 000 0 | ||
| 020 | _a9789751958396 | ||
| 040 |
_aMilas _btur _cTR-AnCHP |
||
| 041 | _atur | ||
| 082 |
_a819.12 _bS85d 2013 |
||
| 090 | _a819.12 S85d 2013 | ||
| 100 | _aSun'ullâh-ı Gaybî | ||
| 245 |
_aDivân-ı ilâhiyat _bseçmeler _cSun'ullâh-ı Gaybî; hazırlayan Bilal Kemikli |
||
| 260 |
_aAnkara _bDiyanet İşleri Başkanlığı (DİB) _c2013 |
||
| 300 |
_a115 s. _c17 sm. |
||
| 440 |
_aDiyanet İşleri Başkanlığı Yayınları _v951 |
||
| 490 |
_aEdebi eserler _v26 |
||
| 504 | _aKaynakça var. | ||
| 650 |
_aEdebiyat _xDivan şiiri |
||
| 700 |
_aKemikli, Bilal _ehaz. |
||
| 710 | _aDiyanet İşleri Başkanlığı (DİB) | ||
| 942 |
_2dcc _cBKS |
||
| 999 |
_c10427 _d10427 |
||